000
00357nam a2200169Ia 4500
100
_a
Theraja/Reema
650
_a
Data warehousing
942
_c
BK
366
_f
20
654
_a
data warehousing
245
_a
Data warehousing
260
_b
Oxford university press
_c
2009
082
_a
4.56
_b
THE
300
_a
474
546
_a
ENGLISH
999
_c
34992
_d
34992